[Event "IECC Swiss-567.2"]
[Site "IECC email"]
[Date "2013.09.02"]
[Round "?"]
[White "Roberto Morau, Jose"]
[Black "Garau, Bernard"]
[Result "0-1"]
[WhiteElo "1531"]
[BlackElo "1853"]
[PlyCount "80"]
[EventDate "2013.??.??"]
[EventType "swiss (corr)"]
[EventRounds "1"]
[SourceTitle "Telechess CBM 165"]
[Source "ChessBase"]
[SourceDate "2015.03.11"]
[SourceVersion "1"]
[SourceVersionDate "2015.03.11"]
[SourceQuality "1"]
[WhiteTeam "Brazil"]
[BlackTeam "France"]
[WhiteTeamCountry "BRA"]
[BlackTeamCountry "FRA"]

1. e4 e6 2. Nc3 d5 3. d4 Nf6 4. Bg5 Bb4 5. e5 h6 6. Bd2 Bxc3 7. Bxc3 Ne4 8. Qg4 0-0 9. Bb4 c5 10. Bxc5 Nxc5 11. dxc5 b6 12. cxb6 Qxb6 13. Nf3 Nc6 14. Rb1 Qa5+ 15. Nd2 Qxa2 16. f4 Nb4 17. Qd1 Ba6 18. Kf2 Bxf1 19. Rxf1 d4 20. Nf3 Rac8 21. Qxd4 Nxc2 22. Qd3 Rfd8 23. Qe2 Nd4 24. Nxd4 Rxd4 25. g3 Rcd8 26. Rbd1 Rxd1 27. Rxd1 Rxd1 28. Qxd1 Qxb2+ 29. Kf3 Qa3+ 30. Ke2 a5 31. Qd7 a4 32. Qe8+ Kh7 33. Kf2 Qa2+ 34. Ke3 a3 35. f5 Qb3+ 36. Kf4 Qb4+ 37. Kf3 Qc3+ 38. Kg4 Qc4+ 39. Kh3 Qf1+ 40. Kg4 exf5+ 0-1

[Event "IECC O-3629"]
[Site "IECC email"]
[Date "2013.04.16"]
[Round "?"]
[White "Roberto Morau, Jose"]
[Black "Gurgui, Dan Constantin"]
[Result "1-0"]
[WhiteElo "1442"]
[BlackElo "1384"]
[PlyCount "53"]
[EventDate "2013.??.??"]
[EventType "swiss (corr)"]
[EventRounds "2"]
[SourceTitle "Telechess CBM 165"]
[Source "ChessBase"]
[SourceDate "2015.03.11"]
[SourceVersion "1"]
[SourceVersionDate "2015.03.11"]
[SourceQuality "1"]
[WhiteTeam "Brazil"]
[WhiteTeamCountry "BRA"]

1. e4 e5 2. Nf3 Nf6 3. Nxe5 Nxe4 4. Qe2 d5 5. d3 Qe7 6. dxe4 Qxe5 7. exd5 Bd6 8. Qxe5+ Bxe5 9. Nd2 0-0 10. Nc4 Bf6 11. Be3 b5 12. Nd2 Bb7 13. c4 Bxb2 14. Rb1 Bc3 15. Rxb5 Ba6 16. Rb3 Ba5 17. Ra3 Bxd2+ 18. Kxd2 Bc8 19. Rxa7 Rxa7 20. Bxa7 Na6 21. Bd3 Nb4 22. Bc5 Nxd3 23. Bxf8 Nxf2 24. Rb1 Kxf8 25. Rb8 Ne4+ 26. Kd3 Nd6 27. c5 1-0

[Event "IECC O-3606"]
[Site "IECC email"]
[Date "2013.03.15"]
[Round "?"]
[White "Gurgui, Dan Constantin"]
[Black "Roberto Morau, Jose"]
[Result "0-1"]
[WhiteElo "1417"]
[BlackElo "1426"]
[PlyCount "64"]
[EventDate "2013.??.??"]
[EventType "swiss (corr)"]
[EventRounds "2"]
[SourceTitle "Telechess CBM 165"]
[Source "ChessBase"]
[SourceDate "2015.03.11"]
[SourceVersion "1"]
[SourceVersionDate "2015.03.11"]
[SourceQuality "1"]
[BlackTeam "Brazil"]
[BlackTeamCountry "BRA"]

1. e4 e5 2. f4 exf4 3. Nf3 Nf6 4. d3 d5 5. e5 Nh5 6. d4 g5 7. Be2 g4 8. 0-0 gxf3 9. Bxf3 Ng7 10. Bxf4 Rg8 11. Nc3 c6 12. Bg4 Be6 13. Bxe6 Nxe6 14. Qd3 Nd7 15. Qxh7 Rg7 16. Qd3 Nxd4 17. Bh6 Ne6 18. Bxg7 Bxg7 19. Qh7 Qb6+ 20. Kh1 0-0-0 21. Qd3 Nxe5 22. Na4 Qa5 23. Qa3 Bf8 24. Qc3 Qc7 25. b3 Bd6 26. Nb2 Ng6 27. Qf3 Bxh2 28. Qxf7 Qxf7 29. Rxf7 Rh8 30. c3 Bf4+ 31. Kg1 Ng5 32. Re1 Nxf7 0-1

[Event "IECC CL6-2010.05 email"]
[Site "IECC email"]
[Date "2010.05.12"]
[Round "?"]
[White "Baez, Jorge Luis"]
[Black "Roberto Morau, Jose"]
[Result "1/2-1/2"]
[WhiteElo "1380"]
[BlackElo "1384"]
[PlyCount "52"]
[EventDate "2010.??.??"]
[EventType "tourn (corr)"]
[EventRounds "4"]
[SourceTitle "Corr 2013"]
[Source "ChessBase"]
[SourceDate "2012.11.12"]
[SourceVersion "1"]
[SourceVersionDate "2012.11.12"]
[SourceQuality "1"]
[WhiteTeam "US of America"]
[BlackTeam "Puerto Rico"]
[WhiteTeamCountry "USA"]
[BlackTeamCountry "PUR"]

1. d4 Nf6 2. c4 e6 3. e3 c5 4. Nf3 cxd4 5. exd4 Be7 6. Nc3 0-0 7. Bd3 d5 8. 0-0 dxc4 9. Bxc4 Nc6 10. Be3 b6 11. a3 Bb7 12. Ne5 Qc7 13. Nb5 Qc8 14. Rc1 a6 15. Bd3 Rd8 16. a4 Bc5 17. dxc5 Nxe5 18. Nd6 Qc6 19. f3 bxc5 20. Bxc5 Nxd3 21. Qxd3 Qxa4 22. b3 Qc6 23. Bb4 Qb6+ 24. Bc5 Qc6 25. Bb4 Qb6+ 26. Bc5 Qc7 1/2-1/2

[Event "IECC CL6-2010.05 email"]
[Site "IECC email"]
[Date "2010.05.12"]
[Round "?"]
[White "Diaz, Francisco"]
[Black "Roberto Morau, Jose"]
[Result "1-0"]
[WhiteElo "1349"]
[BlackElo "1402"]
[PlyCount "119"]
[EventDate "2010.??.??"]
[EventType "tourn (corr)"]
[EventRounds "4"]
[SourceTitle "Telechess CBM 149"]
[Source "ChessBase"]
[SourceDate "2012.07.17"]
[SourceVersion "1"]
[SourceVersionDate "2012.07.17"]
[SourceQuality "1"]
[WhiteTeam "Puerto Rico"]
[BlackTeam "Brazil"]
[WhiteTeamCountry "PUR"]
[BlackTeamCountry "BRA"]

1. e4 e5 2. Nf3 Nf6 3. Nxe5 Qe7 4. d4 d6 5. Nf3 Qxe4+ 6. Be2 Be7 7. 0-0 0-0 8. Re1 Qd5 9. Nc3 Qa5 10. Bc4 d5 11. Rxe7 dxc4 12. Bf4 Nc6 13. Bxc7 b6 14. Re3 Bg4 15. d5 Nb4 16. d6 Rae8 17. Rxe8 Rxe8 18. a3 Nc6 19. h3 Bd7 20. Qd2 Qf5 21. Re1 Rxe1+ 22. Nxe1 Ne4 23. Qe3 Nxc3 24. Qxc3 Qf4 25. Qe3 Qxe3 26. fxe3 Kf8 27. Kf2 Ke8 28. e4 Ne5 29. Nf3 Nxf3 30. Kxf3 Ba4 31. c3 Kd7 32. Kf4 f6 33. Kf5 h6 34. Kg6 Bc2 35. Kxg7 Bxe4 36. Kxh6 Bxg2 37. h4 Be4 38. a4 Bd3 39. h5 Bc2 40. Kg7 f5 41. Bb8 a6 42. Ba7 f4 43. h6 f3 44. Bxb6 Kxd6 45. h7 Bxh7 46. Kxh7 Ke5 47. Kg6 Ke4 48. Kf6 Kf4 49. a5 Ke4 50. Kg5 Kd3 51. Kf4 Kc2 52. Kxf3 Kxb2 53. Bd4 Kb3 54. Ke4 Ka3 55. Bb6 Kb2 56. Kd4 Kb3 57. Bc7 Kc2 58. Kxc4 Kd2 59. Kd4 Ke2 60. c4 1-0

[Event "IECC CL6-2009.04 email"]
[Site "IECC email"]
[Date "2009.03.24"]
[Round "?"]
[White "D'Aragona, Vittoria"]
[Black "Roberto Morau, Jose"]
[Result "0-1"]
[WhiteElo "1252"]
[BlackElo "1343"]
[PlyCount "58"]
[EventDate "2009.??.??"]
[EventType "tourn (corr)"]
[EventRounds "4"]
[SourceTitle "Corr 2011"]
[Source "ChessBase"]
[SourceDate "2010.08.31"]
[SourceVersion "1"]
[SourceVersionDate "2010.08.31"]
[SourceQuality "1"]
[WhiteTeam "Italy"]
[BlackTeam "Brazil"]
[WhiteTeamCountry "ITA"]
[BlackTeamCountry "BRA"]

1. e4 e5 2. Nf3 Nf6 3. d4 Nxe4 4. Bd3 Nc6 5. d5 Nf6 6. dxc6 e4 7. Bxe4 Nxe4 8. 0-0 dxc6 9. Qe2 Qe7 10. Re1 Nf6 11. Be3 Bf5 12. Qd1 Qd7 13. Bxa7+ Be7 14. Qxd7+ Kxd7 15. Bd4 Bxc2 16. Nc3 c5 17. Be5 Rhe8 18. Rac1 Bf5 19. b3 Bg4 20. Nd2 Be6 21. Bxf6 Bxf6 22. Na4 b6 23. Ne4 Bd4 24. Nec3 Kc6 25. h3 g5 26. Ne2 Bg7 27. Ng3 c4 28. Nc3 cxb3 29. axb3 Bxb3 0-1

[Event "IECC KO-2092"]
[Site "IECC email"]
[Date "2008.05.06"]
[Round "?"]
[White "Roberto Morau, Jose"]
[Black "Maggiora, Aldo"]
[Result "1-0"]
[WhiteElo "1315"]
[BlackElo "1682"]
[PlyCount "79"]
[EventDate "2007.??.??"]
[EventType "match (corr)"]
[EventRounds "2"]
[SourceTitle "Corr 2013"]
[Source "ChessBase"]
[SourceDate "2012.11.12"]
[SourceVersion "1"]
[SourceVersionDate "2012.11.12"]
[SourceQuality "1"]
[WhiteTeam "US of America"]
[BlackTeam "England"]
[WhiteTeamCountry "USA"]
[BlackTeamCountry "ENG"]

1. e4 e6 2. Nc3 d5 3. d4 Bb4 4. e5 c5 5. Bd2 Ne7 6. Nb5 Bxd2+ 7. Qxd2 0-0 8. dxc5 Nd7 9. Qc3 a6 10. Nd6 b6 11. c6 d4 12. Qg3 Nxc6 13. f4 Nb4 14. 0-0-0 Nxa2+ 15. Kb1 Nb4 16. Rxd4 a5 17. Bb5 Qc7 18. c3 Nc6 19. Bxc6 Qxc6 20. f5 Bb7 21. Nxb7 exf5 22. Nd6 f4 23. Qg5 h6 24. Nf5 hxg5 25. Ne7+ Kh8 26. Nxc6 Nc5 27. Nf3 Rac8 28. Rd6 Ne4 29. Nfd4 Rc7 30. Re1 Nxd6 31. exd6 Rd7 32. Nf5 g4 33. Re7 Rxe7 34. dxe7 Rg8 35. Ne5 f3 36. gxf3 gxf3 37. Nxf7+ Kh7 38. N7d6 Kg6 39. Ne3 Kg5 40. Kc2 1-0

[Event "IECC KO-2092"]
[Site "IECC email"]
[Date "2008.02.12"]
[Round "?"]
[White "Mauro, Danilo"]
[Black "Roberto Morau, Jose"]
[Result "1/2-1/2"]
[WhiteElo "1619"]
[BlackElo "1262"]
[PlyCount "104"]
[EventDate "2007.??.??"]
[EventType "match (corr)"]
[EventRounds "2"]
[SourceTitle "Corr 2013"]
[Source "ChessBase"]
[SourceDate "2012.11.12"]
[SourceVersion "1"]
[SourceVersionDate "2012.11.12"]
[SourceQuality "1"]
[WhiteTeam "US of America"]
[BlackTeam "England"]
[WhiteTeamCountry "USA"]
[BlackTeamCountry "ENG"]

1. e4 e5 2. Nf3 Nf6 3. Nxe5 Qe7 4. d4 d6 5. Nf3 Qxe4+ 6. Be2 Be7 7. c4 0-0 8. 0-0 Bf5 9. Nc3 Qc2 10. Qxc2 Bxc2 11. Re1 Re8 12. Nb5 Bd8 13. Bg5 Nbd7 14. Rac1 Bg6 15. c5 dxc5 16. Bxf6 Nxf6 17. Rxc5 Re7 18. Re5 Kf8 19. Rxe7 Bxe7 20. Nxc7 Rc8 21. Rc1 Bf5 22. Ne5 Bd6 23. Bd3 Bh3 24. gxh3 Rxc7 25. Rxc7 Bxc7 26. Bf5 Bb6 27. Nf3 Ne8 28. Be4 Nd6 29. Bd3 Ke7 30. Bxh7 g6 31. h4 Kf8 32. h5 Kg7 33. hxg6 fxg6 34. Ng5 Bxd4 35. Ne6+ Kxh7 36. Nxd4 g5 37. Kg2 Kg6 38. Kg3 Ne4+ 39. Kf3 Nf6 40. b4 Kh5 41. a4 Nd5 42. b5 b6 43. Kg3 Nc3 44. Nc6 Nxa4 45. Nxa7 Nc3 46. f3 Nd5 47. Nc8 Kg6 48. Nd6 Kf6 49. Nc4 Kf5 50. h3 Nc7 51. Nd6+ Ke5 52. Ne4 Kf5 1/2-1/2

[Event "IECC KO-1060"]
[Site "IECC email"]
[Date "2006.10.02"]
[Round "?"]
[White "Roberto Morau, Jose"]
[Black "Azamfirei, Adrian Florin"]
[Result "1-0"]
[WhiteElo "1174"]
[BlackElo "1017"]
[PlyCount "43"]
[EventDate "2006.??.??"]
[EventType "match (corr)"]
[EventRounds "2"]
[SourceTitle "Corr 2020"]
[Source "ChessBase"]
[SourceDate "2019.09.30"]
[SourceVersion "1"]
[SourceVersionDate "2019.09.30"]
[SourceQuality "1"]
[WhiteTeam "Brazil"]
[BlackTeam "Romania"]
[WhiteTeamCountry "BRA"]
[BlackTeamCountry "ROU"]

1. e4 e5 2. Nf3 Nf6 3. Nxe5 d6 4. Nf3 Nxe4 5. Nc3 Nxc3 6. dxc3 Bg4 7. h3 Bh5 8. Qd5 Bxf3 9. Qxf3 Be7 10. Qxb7 Nd7 11. Be2 0-0 12. 0-0 Nf6 13. Bf3 d5 14. c4 Rb8 15. Qxa7 c6 16. Rd1 Re8 17. c3 Bd6 18. cxd5 Nxd5 19. c4 Re7 20. Qa4 Qe8 21. g3 Bxg3 22. cxd5 1-0

[Event "IECC KO-1049"]
[Site "IECC email"]
[Date "2004.11.19"]
[Round "?"]
[White "Roberto Morau, Jose"]
[Black "Foletta, Ian"]
[Result "1-0"]
[WhiteElo "1104"]
[BlackElo "1093"]
[PlyCount "45"]
[EventDate "2004.??.??"]
[EventType "match (corr)"]
[EventRounds "2"]
[SourceTitle "Corr 2020"]
[Source "ChessBase"]
[SourceDate "2019.09.30"]
[SourceVersion "1"]
[SourceVersionDate "2019.09.30"]
[SourceQuality "1"]
[WhiteTeam "Brazil"]
[BlackTeam "Australia"]
[WhiteTeamCountry "BRA"]
[BlackTeamCountry "AUS"]

1. e4 e5 2. Nf3 Nc6 3. Bc4 Nf6 4. Ng5 d5 5. exd5 Nxd5 6. d4 Be7 7. Nxf7 Kxf7 8. Qf3+ Bf6 9. Bxd5+ Be6 10. Bxe6+ Kxe6 11. Qh3+ Ke7 12. dxe5 Nxe5 13. 0-0 Qd7 14. Qb3 Rad8 15. Re1 Qd1 16. Bd2 Qg4 17. h3 Qg6 18. f4 Bh4 19. Rxe5+ Kd7 20. Qxb7 Qxc2 21. Qb5+ Kc8 22. Qa6+ Kb8 23. Rb5+ 1-0

[Event "IECC KO-1049"]
[Site "IECC email"]
[Date "2004.09.07"]
[Round "?"]
[White "Roberto Morau, Jose"]
[Black "Chedid, Rafael Antonio"]
[Result "1-0"]
[WhiteElo "1083"]
[BlackElo "1215"]
[PlyCount "45"]
[EventDate "2004.??.??"]
[EventType "match (corr)"]
[EventRounds "2"]
[SourceTitle "Corr 2020"]
[Source "ChessBase"]
[SourceDate "2019.09.30"]
[SourceVersion "1"]
[SourceVersionDate "2019.09.30"]
[SourceQuality "1"]
[WhiteTeam "Brazil"]
[BlackTeam "Brazil"]
[WhiteTeamCountry "BRA"]
[BlackTeamCountry "BRA"]

1. e4 c5 2. Nf3 Nc6 3. Bc4 e6 4. 0-0 Nf6 5. Re1 d6 6. d4 cxd4 7. Nxd4 Be7 8. Nc3 0-0 9. Be3 a6 10. a4 Bd7 11. Nxc6 Bxc6 12. a5 Qd7 13. Bd3 Rac8 14. Qf3 h6 15. Qg3 Kh8 16. Rad1 Qc7 17. Bb6 Qb8 18. Bd4 d5 19. Be5 Qa7 20. exd5 exd5 21. Qf4 Rfe8 22. Bxf6 Bxf6 23. Qf5 1-0